[Event "FIDE Open"]
[Site "Voronezh"]
[Date "2018.06.13"]
[Round "2.35"]
[White "Anisimov, V"]
[Black "Klevets, Ksenia"]
[Result "1/2-1/2"]
[WhiteElo "1703"]
[BlackElo "2031"]
[Annotator ""]
[Source ""]
[Remark ""]

1.d4 d5 2.c4 c6 3.e3 Nf6 4.Nc3 e6 5.Nf3 Bd6 6.Bd3 a6 7.c5 Bc7
8.Bd2 Nbd7 9.e4 dxe4 10.Nxe4 Nxe4 11.Bxe4 Nf6 12.Bc2 h6 13.O-O
O-O 14.Re1 Qd5 15.Bc3 Qh5 16.Qd3 Rd8 17.h3 g6 18.Qf1 Qd5 19.Ne5
Bxe5 20.Rxe5 Qd7 21.Rd1 Qe7 22.Bb3 Nd5 23.Ba5 Re8 24.g3 Bd7 25.Rde1
f6 26.R5e4 Qg7 27.Qd3 Kh7 28.g4 f5 29.Re5 fxg4 30.hxg4 Rf8 31.Bd2
Rf7 32.Bd1 Nf4 33.Bxf4 Rxf4 34.f3 Raf8 35.Kg2 Qf6 36.R1e4 Rxe4
37.Qxe4 Qf4 38.Bc2 Rf6 39.Rh5 Qxe4 40.Bxe4 Kg7 41.Rh1 g5 42.Kf2
Be8 43.b4 Bg6 44.Re1 Bxe4 45.Rxe4 Kf7 46.a4 Ke7 47.Re3 h5 48.Re5
hxg4 49.f4 Rg6 50.Kg3 Kf6 51.Re1 Rh6 52.Kg2 Rh4 53.Kg3 Rh7 54.Rf1
Kg7 55.b5 axb5 56.axb5 cxb5 57.Rd1 1/2-1/2

[Event "FIDE Open"]
[Site "Voronezh"]
[Date "2018.06.13"]
[Round "2.36"]
[White "Godzhurov, Lidzhi"]
[Black "Ilyina, Lada"]
[Result "0-1"]
[WhiteElo "2011"]
[BlackElo "1844"]
[Annotator ""]
[Source ""]
[Remark ""]

1.Nf3 Nf6 2.g3 g6 3.Bg2 Bg7 4.O-O O-O 5.d4 d6 6.c4 Nbd7 7.Nc3
e5 8.e4 Re8 9.Bg5 h6 10.Bxf6 Bxf6 11.Qd2 Bg7 12.dxe5 dxe5 13.Rfd1
c6 14.Bh3 Re7 15.Na4 Qe8 16.Qa5 b6 17.Qd2 Nf6 18.Bxc8 Rxc8 19.Nc3
Rd7 20.Qe2 Rcd8 21.Rxd7 Nxd7 22.Rd1 Nc5 23.b4 Ne6 24.Rd3 Nd4
25.Qd1 Qe6 26.c5 bxc5 27.bxc5 Qc4 28.Nxd4 Rxd4 29.Rxd4 exd4 30.Ne2
Qxc5 31.Nc1 Qc3 32.Nd3 c5 33.Kf1 c4 34.Nf4 d3 35.f3 Qc2 36.Qxc2
dxc2 37.Ne2 Bb2 38.Ke1 c3 39.f4 c1Q+ 40.Nxc1 Bxc1 41.Kd1 Bd2 0-1

[Event "FIDE Open"]
[Site "Voronezh"]
[Date "2018.06.13"]
[Round "2.37"]
[White "Rubtsov, Victor"]
[Black "Nesterov, Andrey"]
[Result "0-1"]
[WhiteElo "1735"]
[BlackElo "2010"]
[Annotator ""]
[Source ""]
[Remark ""]

1.d4 e6 2.e4 c5 3.Nf3 cxd4 4.Nxd4 a6 5.Nc3 Qc7 6.Bd3 Nf6 7.O-O
Be7 8.Be3 d6 9.h3 Nbd7 10.f4 Nc5 11.Qd2 b5 12.a3 Bb7 13.a4 bxa4
14.Nxa4 Nfxe4 15.Qd1 O-O 16.Nf3 Bf6 17.Nxc5 Nxc5 18.c3 Rfd8 19.Ng5
g6 20.h4 h6 21.Nf3 e5 22.Bc2 e4 23.Nd4 Ne6 24.f5 Nxd4 25.Bxd4
Bxd4+ 26.cxd4 Rf8 27.fxg6 fxg6 28.Qg4 Qg7 29.Qe6+ Kh7 30.Rxf8
Rxf8 31.Qxd6 Qf7 32.Qg3 Qc4 33.Qc3 Rc8 34.Ra3 Qe2 35.Qh3 Rc7
36.Bb3 Qxb2 37.Qe6 Qxd4+ 38.Kh2 Rg7 39.Ra4 Qf2 40.Rc4 Qxh4+ 41.Kg1
Qe7 42.Qb6 e3 43.Kf1 e2+ 44.Ke1 Rf7 0-1

[Event "FIDE Open"]
[Site "Voronezh"]
[Date "2018.06.13"]
[Round "2.38"]
[White "Kushnarenko, Egor"]
[Black "Kasantsev, Anatolij B."]
[Result "1/2-1/2"]
[WhiteElo "1631"]
[BlackElo "1962"]
[Annotator ""]
[Source ""]
[Remark ""]

1.c4 c5 2.Nc3 Nf6 3.g3 d5 4.cxd5 Nxd5 5.Bg2 Nc7 6.Qb3 Nc6 7.Bxc6+
bxc6 8.Nf3 f6 9.Qa4 Bd7 10.d3 e5 11.O-O Ne6 12.Bd2 Nd4 13.Rac1
Be7 14.Rfe1 O-O 15.Ne4 Qb6 16.b3 a5 17.Qc4+ Be6 18.Qc3 Bd5 19.Be3
a4 20.Nfd2 axb3 21.axb3 Rfb8 22.Nxc5 Bxc5 23.Qxc5 Qxc5 24.Rxc5
Nxb3 25.Nxb3 Rxb3 26.f3 Ra2 27.Bc1 Rb5 28.Rc3 Rb3 29.Rxb3 Bxb3
30.Be3 Kf7 31.Kf1 Ba4 32.Rc1 Bb5 33.Bc5 Ke6 34.Bf8 g6 35.Bc5
f5 36.Re1 Kd5 37.Be3 e4 38.fxe4+ fxe4 39.d4 Ke6 40.Bf4 Kf5 41.h3
Ra3 42.Kf2 h5 43.Be3 Ra2 44.h4 Kg4 45.Bf4 Kf5 1/2-1/2

[Event "FIDE Open"]
[Site "Voronezh"]
[Date "2018.06.13"]
[Round "2.39"]
[White "Zaitseva, Lyudmila"]
[Black "Zhapova, Yana"]
[Result "1-0"]
[WhiteElo "1954"]
[BlackElo "1597"]
[Annotator ""]
[Source ""]
[Remark ""]

1.d4 d5 2.c4 e6 3.Nc3 c6 4.Nf3 dxc4 5.a4 Bb4 6.e3 b5 7.Bd2 Bb7
8.axb5 Bxc3 9.Bxc3 cxb5 10.b3 a5 11.bxc4 b4 12.Bb2 Nf6 13.Bd3
O-O 14.O-O Nbd7 15.Nd2 Qc7 16.f4 Rfd8 17.Qe2 a4 18.Rab1 b3 19.Ra1
Nb8 20.e4 Qe7 21.d5 exd5 22.cxd5 Qc5+ 23.Kh1 Nbd7 24.Rfc1 Qf8
25.Ba3 Qe8 26.Nc4 Rdb8 27.Nd6 Qd8 28.e5 Bxd5 29.exf6 Nxf6 30.Rab1
Rb6 31.Nf5 Re6 32.Qf2 Ne4 33.Qd4 Nf6 34.Qc5 Ne4 35.Qd4 Nf6 36.Rd1
g6 37.Bc4 Ra5 38.Ne3 Re4 39.Qd2 Rxf4 40.Nxd5 Nxd5 41.Qxf4 Nxf4
42.Rxd8+ Kg7 43.Bf8+ Kf6 44.Rd6+ Kg5 45.Be7+ Kf5 46.g3 Ne6 47.Bd3+
Kg4 48.Be2+ 1-0

[Event "FIDE Open"]
[Site "Voronezh"]
[Date "2018.06.13"]
[Round "2.40"]
[White "Neklyudova, Taisiya"]
[Black "Mikhnenko, Alexander"]
[Result "0-1"]
[WhiteElo "1268"]
[BlackElo "1945"]
[Annotator ""]
[Source ""]
[Remark ""]

1.e4 c5 2.Nf3 e6 3.c4 a6 4.Nc3 Qc7 5.Be2 Nc6 6.d4 cxd4 7.Nxd4
Nf6 8.O-O Be7 9.h3 O-O 10.Be3 d6 11.Qd2 Bd7 12.Rfd1 Rac8 13.a3
Na5 14.Qc2 Nxc4 15.Bg5 Nxb2 16.Qxb2 Qxc3 17.Qxb7 Rb8 18.Qxa6
Ra8 19.Qd3 Rfc8 20.Bf3 Rab8 21.Ne2 Qa5 22.Bd2 Qa4 23.Nc3 Qc4
24.Be2 Qxd3 25.Bxd3 Bc6 26.a4 d5 27.exd5 Nxd5 28.Nxd5 Bxd5 29.a5
Rd8 30.Bf4 Ra8 31.a6 Bb3 32.Be4 Bxd1 33.Bxa8 Rxa8 34.Rxd1 Rxa6
35.g3 Ra8 36.Kg2 Bf6 37.Re1 g6 38.h4 Ra5 39.Bd2 Rd5 40.Re2 Kg7
41.f3 Rd3 42.f4 Bd4 43.Ba5 Kf6 44.Bd8+ Kf5 45.h5 Kg4 46.Bh4 Kxh5
47.Kh3 Kh6 48.Ra2 Kg7 49.Ra6 h6 50.Rd6 Rd2 51.Rd7 Be3 52.Rxd2
Bxd2 0-1

[Event "FIDE Open"]
[Site "Voronezh"]
[Date "2018.06.13"]
[Round "2.41"]
[White "Zakharov, Denis"]
[Black "Agibalov, Roman"]
[Result "1-0"]
[WhiteElo "1928"]
[BlackElo "1655"]
[Annotator ""]
[Source ""]
[Remark ""]

1.e4 d6 2.Nf3 Nf6 3.d3 Nc6 4.g3 h6 5.Bg2 e5 6.O-O Be7 7.a4 O-O
8.Na3 Be6 9.Qe2 Qd7 10.Rd1 Bg4 11.c3 Be6 12.Nc4 a5 13.Ne3 Bh3
14.Nf5 Bg4 15.Nxe7+ Qxe7 16.h3 Bd7 17.Nh4 Nh7 18.Qc2 Ng5 19.Nf5
Qf6 20.h4 Nh7 21.d4 Rfe8 22.dxe5 Qxe5 23.Bf4 Qf6 24.Rd2 Nf8 25.Ne3
Be6 26.Nd5 Bxd5 27.exd5 Ne5 28.Re2 Neg6 29.Be3 Nd7 30.Rae1 Nge5
31.Bd4 g5 32.hxg5 hxg5 33.Re4 g4 34.Rf4 Qh6 35.Be3 Qh8 36.Qf5
Nc5 37.Rd1 b6 38.Bd4 Qh7 39.Qxh7+ Kxh7 40.Bxe5 Rxe5 41.Rxg4 1-0

[Event "FIDE Open"]
[Site "Voronezh"]
[Date "2018.06.13"]
[Round "2.42"]
[White "Tatarintsev, Mikhail"]
[Black "Koptev, Ruslan"]
[Result "0-1"]
[WhiteElo "1681"]
[BlackElo "1859"]
[Annotator ""]
[Source ""]
[Remark ""]

1.e4 c6 2.d4 d5 3.exd5 cxd5 4.Bd3 Nf6 5.h3 Nc6 6.c3 g6 7.Bf4
Bf5 8.Bxf5 gxf5 9.Nf3 Rg8 10.O-O e6 11.Ne5 Nxe5 12.Bxe5 Nd7 13.Bf4
Qh4 14.Qf3 Nf6 15.Bg3 Qg5 16.Qf4 Qg6 17.Qc7 Rd8 18.Qxb7 f4 19.Qxa7
fxg3 20.f3 Qc2 21.b4 Be7 22.a4 Rg6 23.Qc7 Nh5 24.Qc6+ Kf8 25.Na3
Qb2 26.f4 Nxf4 0-1

[Event "FIDE Open"]
[Site "Voronezh"]
[Date "2018.06.13"]
[Round "2.43"]
[White "Yudin, Sergei"]
[Black "Sobina, Pavel"]
[Result "0-1"]
[WhiteElo "1699"]
[BlackElo "2199"]
[Annotator ""]
[Source ""]
[Remark ""]

1.d4 Nf6 2.Bf4 g6 3.e3 Bg7 4.Nf3 O-O 5.Be2 d5 6.O-O Nbd7 7.h3
c5 8.c3 b6 9.Nbd2 Bb7 10.Bh2 Ne4 11.Nxe4 dxe4 12.Nd2 e5 13.Nc4
cxd4 14.cxd4 exd4 15.exd4 Bd5 16.Ne3 Nf6 17.Be5 Bb7 18.Rc1 Nd5
19.Bxg7 Kxg7 20.Qb3 Nf4 21.Bc4 Rc8 22.Rfd1 Qg5 23.Kh2 Rfd8 24.Rd2
Rxc4 25.Qxc4 Nxg2 26.Rg1 Nxe3 27.Qc7 Nd5 28.Rxg5 Nxc7 29.Re5
Rd7 0-1

[Event "FIDE Open"]
[Site "Voronezh"]
[Date "2018.06.13"]
[Round "2.44"]
[White "Lysenko, Olesya"]
[Black "Manukovsky, Vladimir"]
[Result "0-1"]
[WhiteElo "1697"]
[BlackElo "2146"]
[Annotator ""]
[Source ""]
[Remark ""]

1.e4 c5 2.Nc3 Nc6 3.f4 g6 4.Nf3 Bg7 5.Bc4 e6 6.f5 Nge7 7.fxe6
fxe6 8.d3 O-O 9.O-O d5 10.Bb3 b5 11.Nxb5 Qb6 12.c4 dxe4 13.dxe4
Ba6 14.Be3 Rad8 15.Qe2 Nd4 16.Nbxd4 cxd4 17.Bg5 d3+ 18.Qf2 Bd4
19.Nxd4 Rxf2 20.Rxf2 Qxd4 21.Bxe7 Re8 22.Ba3 Qxe4 23.Ba4 Rd8
24.Be7 Rb8 25.b3 Bb7 26.Bd7 Bc6 27.Bxc6 Qxc6 28.Rd1 Qe4 29.c5
Re8 30.Bd6 Qd4 31.Kf1 e5 32.Rfd2 0-1

[Event "FIDE Open"]
[Site "Voronezh"]
[Date "2018.06.13"]
[Round "2.45"]
[White "Ryumshin, Vladislav"]
[Black "Abramov, Ilya"]
[Result "0-1"]
[WhiteElo "1697"]
[BlackElo "2089"]
[Annotator ""]
[Source ""]
[Remark ""]

1.e4 Nf6 2.e5 Nd5 3.c4 Nb6 4.c5 Nd5 5.Bc4 e6 6.d4 d6 7.cxd6 cxd6
8.exd6 Bxd6 9.Nc3 Nxc3 10.bxc3 Qc7 11.Qb3 Nc6 12.Ne2 Bd7 13.Bd3
Na5 14.Qc2 Rc8 15.Bd2 Nc4 16.Bxc4 Qxc4 17.Qb3 Bb5 18.Qxc4 Rxc4
19.O-O Kd7 20.Rfb1 Bc6 21.Ng3 f5 22.f3 h5 23.Kf2 h4 24.Nf1 f4
25.h3 e5 26.dxe5 Bxe5 27.Rc1 Rd8 28.Rab1 Bd6 29.Nh2 Bc5+ 30.Kf1
Kc7 31.Be1 g5 32.Ng4 Ra4 33.Ne5 Bd5 34.c4 Be6 35.Rb5 b6 36.Rc2
Bf5 37.Re2 Rd1 38.Rd2 Rxd2 39.Bxd2 Rxa2 40.Ke2 Be3 41.Rd5 Be6
42.Rd3 Bxd2 43.Rxd2 Ra5 44.Nd3 Bxc4 45.Rc2 Rc5 46.Rb2 Re5+ 47.Kd2 0-1

[Event "FIDE Open"]
[Site "Voronezh"]
[Date "2018.06.13"]
[Round "2.46"]
[White "Titov, Oleg"]
[Black "Zisin, Oleg"]
[Result "0-1"]
[WhiteElo "1695"]
[BlackElo "2012"]
[Annotator ""]
[Source ""]
[Remark ""]

1.e4 c5 2.Nf3 d6 3.d4 cxd4 4.Nxd4 Nf6 5.Nc3 a6 6.Be2 e5 7.Nb3
Be6 8.O-O Be7 9.Be3 Nbd7 10.f4 exf4 11.Rxf4 O-O 12.h3 b5 13.a3
Ne5 14.Nd5 Nxd5 15.exd5 Bd7 16.Rf1 Rc8 17.Bd4 Ng6 18.Bd3 Bg5
19.Nd2 f5 20.Nf3 Bf6 21.c3 Ne5 22.Bc2 Qc7 23.Bb3 Kh8 24.a4 Rce8
25.axb5 Bxb5 26.Rf2 Nxf3+ 27.gxf3 f4 28.Ba4 Qd7 29.Bxb5 axb5
30.Kh2 Bh4 31.Ra7 Qf5 32.Bxg7+ Kg8 33.Bxf8 Bxf2 34.Rb7 Kxf8 35.Kg2
Re1 36.Rb8+ Kf7 0-1

[Event "FIDE Open"]
[Site "Voronezh"]
[Date "2018.06.13"]
[Round "2.47"]
[White "Makushin, Aleksandr"]
[Black "Piskov, Vladimir A."]
[Result "0-1"]
[WhiteElo "1692"]
[BlackElo "1928"]
[Annotator ""]
[Source ""]
[Remark ""]

1.e4 g6 2.d4 Bg7 3.Nc3 c6 4.Be3 d5 5.e5 f6 6.f4 Nh6 7.Qd2 Ng4
8.O-O-O O-O 9.Nf3 Bh6 10.g3 Nd7 11.h3 Nxe3 12.Qxe3 Bg7 13.g4
fxe5 14.fxe5 b5 15.h4 Nb6 16.Nh2 b4 17.Nb1 a5 18.h5 a4 19.hxg6
hxg6 20.Bd3 e6 21.Bxg6 Nc4 22.Qd3 a3 23.Bh7+ Kh8 24.b3 Bh6+ 25.Nd2
Nxd2 26.Rxd2 Bxd2+ 27.Qxd2 Qh4 28.Qg2 Rf2 29.Nf3 Rxg2 30.Rxh4
Kg7 31.Bd3 Ba6 32.Rh7+ Kg8 33.Re7 Bxd3 34.cxd3 Rf8 35.Nd2 Rff2 0-1

[Event "FIDE Open"]
[Site "Voronezh"]
[Date "2018.06.13"]
[Round "2.48"]
[White "Ochirova, Anita"]
[Black "Lupolov, Boris"]
[Result "1-0"]
[WhiteElo "1691"]
[BlackElo "1925"]
[Annotator ""]
[Source ""]
[Remark ""]

1.e4 e6 2.d4 d5 3.exd5 exd5 4.Bd3 Nc6 5.c3 Bd6 6.Nf3 Nge7 7.Qc2
Bg4 8.Nbd2 Qd7 9.O-O Bf5 10.Re1 Bxd3 11.Qxd3 O-O-O 12.b4 f6 13.b5
Na5 14.Nb3 Nc4 15.a4 g5 16.Nfd2 Nxd2 17.Bxd2 Ng6 18.Nc5 Bxc5
19.dxc5 Ne5 20.Qf1 Nc4 21.Be3 c6 22.Bd4 Qf5 23.Re7 Rde8 24.Qe2
Ne5 25.Rxe8+ Rxe8 26.bxc6 bxc6 27.Qa6+ Kd8 28.Qxa7 h5 29.Qb6+
Kd7 30.Qb7+ Ke6 31.Re1 Re7 32.Qxc6+ Kf7 33.Qxd5+ Kf8 34.Bxe5
Rxe5 35.Qd8+ Kf7 36.Rd1 Qe6 37.Qd7+ Qxd7 38.Rxd7+ Ke6 39.Rd6+
Ke7 40.Rd1 Rxc5 41.Rc1 Rc4 42.Kf1 Rxa4 43.Ke2 Ke6 44.Kd3 Rh4
45.h3 Rf4 46.Rc2 h4 47.Rb2 Kd5 48.f3 Kc5 49.Rb4 Rf5 50.Ra4 Rd5+
51.Rd4 Re5 52.Re4 Rd5+ 53.Ke3 f5 54.c4 1-0

[Event "FIDE Open"]
[Site "Voronezh"]
[Date "2018.06.13"]
[Round "2.49"]
[White "Voronin, Yaroslav"]
[Black "Bukatin, Arseny"]
[Result "0-1"]
[WhiteElo "1684"]
[BlackElo "1894"]
[Annotator ""]
[Source ""]
[Remark ""]

1.Nf3 d5 2.e3 Nf6 3.b3 e6 4.Bb2 Be7 5.Be2 O-O 6.O-O Nbd7 7.c4
b6 8.Qc2 c5 9.Nc3 Bb7 10.cxd5 exd5 11.d4 Rc8 12.Rac1 Ne4 13.dxc5
bxc5 14.Rfd1 Nxc3 15.Bxc3 Qb6 16.Qb2 Bf6 17.Bf1 a5 18.Ne5 Nxe5
19.Bxe5 Bxe5 20.Qxe5 Rfe8 21.Qc3 d4 22.exd4 cxd4 23.Qd2 Rxc1
24.Rxc1 Rd8 25.Rd1 d3 26.Bxd3 Be4 27.Qc2 Qd4 28.Qc7 Bxd3 29.Qxa5
Re8 30.Qd2 h6 31.h3 Rd8 32.b4 Qc4 33.Qb2 Re8 34.Qd2 Bf5 35.Rc1
Qa6 36.Rc5 Be6 37.Ra5 Qb6 38.a3 Rd8 39.Qc2 Qd6 40.Qc5 Qf4 41.Qc2
g6 42.f3 Qg3 43.Kh1 Re8 44.Qa4 Bd7 45.Qd1 Re1+ 46.Qxe1 Qxe1+
47.Kh2 Qe6 0-1

[Event "FIDE Open"]
[Site "Voronezh"]
[Date "2018.06.13"]
[Round "2.50"]
[White "Vlasova, Olesia"]
[Black "Filippov, Vladimir"]
[Result "1-0"]
[WhiteElo "1682"]
[BlackElo "1881"]
[Annotator ""]
[Source ""]
[Remark ""]

1.e4 d6 2.d4 g6 3.Nc3 Bg7 4.g3 Nf6 5.Bg2 O-O 6.Nge2 c5 7.h3 Nc6
8.Be3 cxd4 9.Nxd4 Bd7 10.O-O Nxd4 11.Bxd4 Bc6 12.Qd2 h6 13.Rad1
Rc8 14.Kh2 b5 15.a3 Qc7 16.f4 Rfd8 17.Qe3 Nd7 18.Bxg7 Kxg7 19.Rd2
a5 20.Rfd1 Qb7 21.Nd5 Bxd5 22.exd5 Nf6 23.c3 b4 24.axb4 axb4
25.cxb4 Qxb4 26.Qxe7 Re8 27.Qa7 h5 28.Qa3 Qb6 29.Qd3 Qb4 30.Qa3
Qb6 31.b4 Rc4 32.Rb2 h4 33.g4 Rxf4 34.b5 Rf2 35.Rxf2 Qxf2 36.Rf1
Qd4 37.Qxd6 Re2 38.b6 Nxg4+ 39.hxg4 Qxg4 40.Qf6+ Kh6 41.Qf4+
Qxf4+ 42.Rxf4 Rb2 43.Rf6 Kg7 44.Rc6 g5 45.d6 g4 46.d7 Rd2 47.b7
h3 48.b8Q Rxg2+ 49.Kh1 1-0

[Event "FIDE Open"]
[Site "Voronezh"]
[Date "2018.06.13"]
[Round "2.51"]
[White "Popov, Maksim"]
[Black "Shcherbinin, Nikolay"]
[Result "1-0"]
[WhiteElo "1831"]
[BlackElo "1671"]
[Annotator ""]
[Source ""]
[Remark ""]

1.e4 c5 2.c3 Nf6 3.e5 Nd5 4.d4 cxd4 5.Nf3 Nb6 6.Nxd4 d6 7.Bb5+
Bd7 8.e6 Bxb5 9.exf7+ Kxf7 10.Nxb5 Nc6 11.O-O e6 12.Nd2 d5 13.Nf3
Be7 14.Re1 Re8 15.Bf4 Rc8 16.Qe2 Qd7 17.Nxa7 Bf6 18.Nxc8 Qxc8
19.Bg5 e5 20.Bxf6 gxf6 21.Nh4 Nd7 22.f4 e4 23.f5 Kg7 24.Qh5 Rg8
25.Rad1 Nc5 26.Rd4 Ne5 27.Re3 Kh8 28.Rh3 Rg7 29.Ng6+ Nxg6 30.fxg6 1-0

[Event "FIDE Open"]
[Site "Voronezh"]
[Date "2018.06.13"]
[Round "2.52"]
[White "Yaurov, Egor"]
[Black "Popov, Denis"]
[Result "1-0"]
[WhiteElo "1825"]
[BlackElo "1642"]
[Annotator ""]
[Source ""]
[Remark ""]

1.d4 f5 2.Bg5 Nf6 3.Bxf6 exf6 4.e3 d5 5.c4 Bb4+ 6.Nc3 Bxc3+ 7.bxc3
c6 8.g3 Be6 9.Qb3 Qb6 10.c5 Qxb3 11.axb3 Nd7 12.Bd3 O-O 13.Ne2
g5 14.Kd2 b6 15.b4 b5 16.Ra5 Rf7 17.Rha1 Nf8 18.Ra6 Rc7 19.f3
Bc8 20.R6a2 Re7 21.Nc1 a6 22.Nb3 Raa7 23.Re1 Rac7 24.Na5 Bd7
25.Kd1 Ng6 26.Rae2 Kf8 27.Kc1 Re8 28.e4 fxe4 29.fxe4 dxe4 30.Rxe4
Rxe4 31.Bxe4 Be8 32.Bh1 Ne7 33.d5 cxd5 34.Re6 Nc6 35.Nxc6 Rxc6
36.Bxd5 Rxe6 37.Bxe6 Ke7 38.Bc8 Bc6 39.Bxa6 f5 40.Kd2 h5 41.Ke3
Kf6 42.c4 bxc4 43.b5 Bd5 44.b6 c3 45.Kd3 f4 46.gxf4 gxf4 47.Kxc3
f3 48.Kd2 Ke5 49.b7 Bxb7 50.Bxb7 h4 51.Bxf3 Kf4 52.Bh1 Kg4 53.c6
Kh3 54.c7 Kxh2 55.Be4 1-0

[Event "FIDE Open"]
[Site "Voronezh"]
[Date "2018.06.13"]
[Round "2.53"]
[White "Kuzminykh, Nikita"]
[Black "Vasiljev, Ilya"]
[Result "1/2-1/2"]
[WhiteElo "1658"]
[BlackElo "1816"]
[Annotator ""]
[Source ""]
[Remark ""]

1.e4 e6 2.d4 d5 3.Nd2 Nf6 4.e5 Nfd7 5.Bd3 c5 6.c3 Nc6 7.Ne2 cxd4
8.cxd4 f6 9.exf6 Nxf6 10.Nf3 Bd6 11.O-O O-O 12.Ng3 Qc7 13.Re1
Bd7 14.a3 a5 15.Be3 Rae8 16.Rc1 Qb8 17.Qc2 e5 18.dxe5 Nxe5 19.Nxe5
Bxe5 20.Bc5 Bd6 21.Bxd6 Qxd6 22.Bf5 Bb5 23.Qd2 b6 24.Qd4 g6 25.Bd3
Bxd3 26.Qxd3 Rxe1+ 27.Rxe1 Qc5 28.Qe3 Qxe3 29.Rxe3 Rc8 30.Rc3
Rxc3 31.bxc3 Kf7 32.Kf1 Ke6 33.f3 Kd6 34.Ke2 Kc5 35.Kd3 Nd7 36.f4
Kd6 37.Ne2 Nc5+ 38.Kd4 b5 39.g4 Na4 40.f5 gxf5 41.gxf5 Nb6 42.Nf4
Nc4 43.Nxd5 Nxa3 44.f6 Ke6 45.Kc5 a4 1/2-1/2

[Event "FIDE Open"]
[Site "Voronezh"]
[Date "2018.06.13"]
[Round "2.54"]
[White "Chuprik, Ilya"]
[Black "Tatarinova, Elena"]
[Result "1-0"]
[WhiteElo "1650"]
[BlackElo "1797"]
[Annotator ""]
[Source ""]
[Remark ""]

1.d4 Nf6 2.Bf4 g6 3.Nd2 d5 4.Ngf3 Bg7 5.e3 O-O 6.h3 c5 7.Be2
Nc6 8.c3 b6 9.Ne5 Bb7 10.h4 h6 11.g4 Nxe5 12.Bxe5 Nd7 13.Bxg7
Kxg7 14.f4 e6 15.Nf3 Rc8 16.Bd3 Nf6 17.Ne5 Ne4 18.Qc2 Qe7 19.O-O-O
a6 20.Rdg1 b5 21.f5 cxd4 22.exd4 b4 23.c4 a5 24.Bxe4 dxe4 25.g5
hxg5 26.f6+ Qxf6 27.hxg5 Qf4+ 28.Kb1 Rh8 29.Qe2 e3 30.Rxh8 Rxh8
31.Rf1 Be4+ 32.Nd3 Qxf1+ 33.Qxf1 Rh1 34.Qxh1 Bxh1 35.Kc1 Be4
36.Ne1 f5 37.Kd1 f4 38.Ke2 Kf7 1-0

[Event "FIDE Open"]
[Site "Voronezh"]
[Date "2018.06.13"]
[Round "2.55"]
[White "Makarov, Anton"]
[Black "Murzina, Agata"]
[Result "1/2-1/2"]
[WhiteElo "1787"]
[BlackElo "1632"]
[Annotator ""]
[Source ""]
[Remark ""]

1.d4 Nf6 2.c4 e6 3.Nc3 Bb4 4.e3 c5 5.Bd3 d5 6.Nf3 Nc6 7.O-O O-O
8.a3 Ba5 9.Re1 a6 10.cxd5 Nxd5 11.Bd2 cxd4 12.exd4 Bc7 13.Qe2
f5 14.Bg5 Qd6 15.Nxd5 exd5 16.g3 Qg6 17.Qd2 Qh5 18.Be2 f4 19.Bxf4
Bxf4 20.gxf4 Bg4 21.Ne5 Bxe2 22.Rxe2 Nxd4 23.Qxd4 Qxe2 24.Qxd5+
Kh8 25.Nf7+ Rxf7 26.Qxf7 Qxb2 27.Re1 Rg8 28.Kg2 Qb5 29.Re5 Qc6+
30.Kg1 Qc1+ 31.Kg2 Qc6+ 1/2-1/2

[Event "FIDE Open"]
[Site "Voronezh"]
[Date "2018.06.13"]
[Round "2.56"]
[White "Sibgatullin, Amir"]
[Black "Teryaeva, Valeria"]
[Result "1/2-1/2"]
[WhiteElo "1638"]
[BlackElo "1787"]
[Annotator ""]
[Source ""]
[Remark ""]

1.d4 f5 2.Nf3 Nf6 3.e3 g6 4.c4 d6 5.b4 Bg7 6.Bb2 c6 7.Be2 O-O
8.Qb3 h6 9.O-O Qc7 10.Nc3 Kh7 11.Rac1 e5 12.d5 Nbd7 13.Rfd1 g5
14.Qc2 Nb6 15.a4 Bd7 16.Ba3 cxd5 17.c5 Nc8 18.Nxd5 Nxd5 19.Rxd5
Qc6 20.Rcd1 Qxa4 21.Qc1 Be6 22.cxd6 Bxd5 23.Rxd5 Nb6 24.Ra5 Qd7
25.h3 Qe6 26.Nd2 Rfc8 27.Qb1 a6 28.e4 Qxd6 29.exf5 Kh8 30.Ne4
Qd7 31.f6 Bf8 32.Bg4 Qh7 33.Bxc8 Rxc8 34.b5 Bxa3 35.Rxa3 Nc4
36.Rc3 axb5 37.Qxb5 Qxe4 38.Qd7 Rg8 39.f7 Rf8 40.Qe6 Kg7 41.Rxc4
Qe2 42.Kh2 Rxf7 43.Rc5 Qxf2 44.Qxe5+ Qf6 45.Kg3 Re7 46.Qxf6+
Kxf6 47.Rb5 Rc7 48.Rb6+ Kf5 1/2-1/2

[Event "FIDE Open"]
[Site "Voronezh"]
[Date "2018.06.13"]
[Round "2.57"]
[White "Stepanenko, Kirill"]
[Black "Ragimli, Deniz"]
[Result "1/2-1/2"]
[WhiteElo "1784"]
[BlackElo "1626"]
[Annotator ""]
[Source ""]
[Remark ""]

1.e4 c6 2.d3 d5 3.Nd2 g6 4.Ngf3 Bg7 5.Be2 Bg4 6.O-O Nf6 7.Re1
e6 8.Ne5 Bxe2 9.Qxe2 Nbd7 10.exd5 cxd5 11.Nxf7 Kxf7 12.Qxe6+
Kf8 13.Qd6+ Kg8 14.Qe6+ Kf8 15.Qd6+ Kg8 16.Nf3 Qb6 17.Bf4 Qxd6
18.Bxd6 Bf8 19.Bf4 Nh5 20.Bg5 h6 21.Bd2 Kf7 22.Nd4 Nhf6 23.Bc3
Bc5 24.Nb5 Rae8 25.h3 a6 26.Nc7 Rc8 27.Ne6 Rhe8 28.Nxc5 Nxc5
29.Rxe8 Rxe8 30.Kf1 b5 31.Bd4 Ne6 32.Be3 g5 33.a4 b4 34.c3 bxc3
35.bxc3 Rc8 36.c4 dxc4 37.dxc4 Rxc4 38.a5 Nd5 39.Bb6 Nd4 40.Rd1
Nxb6 41.axb6 Rb4 42.b7 Nc6 43.Rd6 Nb8 44.Rxh6 Kg7 45.Rh5 Kg6
46.Rh8 Rxb7 47.h4 gxh4 48.Rxh4 a5 49.Rd4 Rd7 50.Rg4+ Kf5 51.Rg8
Nc6 52.Rc8 Nb4 53.Ra8 Rd5 54.Ke2 1/2-1/2

[Event "FIDE Open"]
[Site "Voronezh"]
[Date "2018.06.13"]
[Round "2.58"]
[White "Degtiarev, Viktor"]
[Black "Kalashnikova, Elena"]
[Result "0-1"]
[WhiteElo "1617"]
[BlackElo "1774"]
[Annotator ""]
[Source ""]
[Remark ""]

1.Nf3 Nf6 2.c4 c5 3.Nc3 Nc6 4.e3 g6 5.d4 cxd4 6.exd4 d5 7.h3
Bg7 8.Be3 O-O 9.Qd2 Re8 10.cxd5 Nxd5 11.Nxd5 Qxd5 12.Be2 Bf5
13.O-O Red8 14.Rfd1 Rac8 15.b3 Na5 16.Rac1 Rxc1 17.Rxc1 Rc8 18.Rxc8+
Bxc8 19.Qc3 Nc6 20.Bc4 Qd8 21.b4 e6 22.b5 Ne7 23.Qa3 Qc7 24.Qc5
Qxc5 25.dxc5 Nf5 26.a4 Nxe3 27.fxe3 Bf8 28.c6 bxc6 29.bxc6 Bc5
30.Kf2 Kf8 31.Ng5 h6 32.Ne4 Bb4 33.Ke2 Ke7 34.Kd3 f5 35.Ng3 Kd6
36.Ne2 e5 37.Bb5 a6 38.Bc4 Kxc6 39.Bf7 g5 40.Kc4 Bc5 41.Bd5+
Kd6 42.e4 f4 43.Nc3 Bd4 44.Ne2 Bb6 45.Nc3 Ba5 46.Ne2 Be1 47.Kd3
Ba5 48.Ng1 Bd7 49.Bb7 Bxa4 50.Bxa6 Ke7 51.Nf3 Kf6 52.Bc4 h5 53.Ba6
Bd7 54.Nh2 g4 55.hxg4 hxg4 56.Ke2 Kg5 57.Kf1 Bb6 58.Bd3 Kh4 59.Ke2
Kg3 0-1

[Event "FIDE Open"]
[Site "Voronezh"]
[Date "2018.06.13"]
[Round "2.60"]
[White "Pogorelov, Aleksey"]
[Black "Moshkin, Mikhail"]
[Result "0-1"]
[WhiteElo "1569"]
[BlackElo "1766"]
[Annotator ""]
[Source ""]
[Remark ""]

1.d4 Nf6 2.c4 g6 3.Nc3 Bg7 4.Nf3 O-O 5.g3 d6 6.Bg2 Nc6 7.O-O
Bf5 8.Nh4 Bd7 9.b3 Ng4 10.e3 e5 11.d5 Ne7 12.Bb2 f5 13.e4 f4
14.Qd3 Nh6 15.Ne2 g5 16.Nf5 Nhxf5 17.exf5 Bxf5 18.Qd2 Qd7 19.Rfe1
Bg4 20.Be4 Bf5 21.Nc1 Bxe4 22.Rxe4 Qh3 23.Nd3 Rf6 24.c5 Rh6 25.f3
fxg3 26.Re2 gxh2+ 27.Rxh2 Qxh2+ 28.Qxh2 Rxh2 29.Kxh2 Nxd5 0-1

[Event "FIDE Open"]
[Site "Voronezh"]
[Date "2018.06.13"]
[Round "2.61"]
[White "Rudakov, Sergey S."]
[Black "Astakhov, Alexander"]
[Result "1-0"]
[WhiteElo "1568"]
[BlackElo "1762"]
[Annotator ""]
[Source ""]
[Remark ""]

1.Nf3 Nf6 2.d4 d5 3.c4 e6 4.Nc3 Bb4 5.Bg5 h6 6.Bxf6 Qxf6 7.Qa4+
Nc6 8.Ne5 Bxc3+ 9.bxc3 Bd7 10.Nxd7 Kxd7 11.cxd5 exd5 12.e3 a6
13.Qb3 Qd6 14.Be2 Rhd8 15.e4 Ke7 16.e5 Qd7 17.Qa3+ Ke8 18.O-O
Qe7 19.Qb2 b5 20.f4 Na5 21.f5 Nc4 22.Bxc4 bxc4 23.f6 gxf6 24.exf6
Qe3+ 25.Kh1 Kd7 26.Rae1 Qd3 27.Qb7 Kd6 28.Rf2 1-0

[Event "FIDE Open"]
[Site "Voronezh"]
[Date "2018.06.13"]
[Round "2.62"]
[White "Netsvetaev, Kirill"]
[Black "Aloyan, Mikhail"]
[Result "0-1"]
[WhiteElo "1536"]
[BlackElo "1759"]
[Annotator ""]
[Source ""]
[Remark ""]

1.d4 d5 2.c4 dxc4 3.Nf3 c6 4.a4 Nf6 5.Nc3 g6 6.e3 Be6 7.Ne5 Bg7
8.Nxc4 Bd5 9.Nxd5 cxd5 10.Ne5 O-O 11.Bd3 Nc6 12.f4 Nd7 13.h4
Ndxe5 14.fxe5 f6 15.h5 fxe5 16.hxg6 hxg6 17.Bxg6 Rf6 18.Qh5 Qd6
19.Qh7+ Kf8 20.Rf1 exd4 21.e4 Qg3+ 22.Ke2 0-1

[Event "FIDE Open"]
[Site "Voronezh"]
[Date "2018.06.13"]
[Round "2.63"]
[White "Khanin, Alexandr"]
[Black "Titarenko, Pavel"]
[Result "1-0"]
[WhiteElo "1744"]
[BlackElo "1520"]
[Annotator ""]
[Source ""]
[Remark ""]

1.e4 Nc6 2.Bc4 e6 3.Nc3 Bb4 4.Nf3 Bxc3 5.bxc3 d5 6.exd5 exd5
7.Bd3 Nf6 8.Ba3 Ne7 9.O-O O-O 10.Re1 Re8 11.Nd4 Bd7 12.Qf3 Nc6
13.Nf5 Bxf5 14.Qxf5 d4 15.Rxe8+ Qxe8 16.Bb2 Rd8 17.cxd4 Nxd4
18.Bxd4 Rxd4 19.Qc5 Rd6 20.Qxc7 Re6 21.Kf1 Nd5 22.Qxb7 Nf4 23.Qf3
Nxd3 24.Qxd3 h6 25.Rb1 g6 26.c4 Re7 27.Qc3 Rd7 28.d4 Rd8 29.Re1
Qd7 30.d5 Qd6 31.g3 Qd7 32.Qf6 Rc8 33.Re7 Qf5 34.Qxf5 gxf5 35.d6
Rd8 36.c5 Kf8 37.Rxa7 Rc8 38.d7 Rd8 39.c6 Ke7 40.c7 Kxd7 41.cxd8Q+
Kxd8 42.Rb7 Kc8 43.Rb1 1-0